Know About Drug Addiction and its Consequences (Record no. 5316)

MARC details
000 -LEADER
fixed length control field 00417nam a22001577a 4500
003 - CONTROL NUMBER IDENTIFIER
control field GBCCL
005 - DATE AND TIME OF LATEST TRANSACTION
control field 20241126110538.0
008 - FIXED-LENGTH DATA ELEMENTS--GENERAL INFORMATION
fixed length control field 180313b ||||| |||| 00| 0 eng d
040 ## - CATALOGING SOURCE
Transcribing agency gbc
082 ## - DEWEY DECIMAL CLASSIFICATION NUMBER
Classification number 616.9792
Item number KNO
245 ## - TITLE STATEMENT
Title Know About Drug Addiction and its Consequences
260 ## - PUBLICATION, DISTRIBUTION, ETC.
Place of publication, distribution, etc. Lamka:
Name of publisher, distributor, etc. Gilead's Balm Care Centre,
Date of publication, distribution, etc. 2006
300 ## - PHYSICAL DESCRIPTION
Extent 50 p.;
Dimensions 20 cm.
650 ## - SUBJECT ADDED ENTRY--TOPICAL TERM
Topical term or geographic name entry element Drug Addicts
9 (RLIN) 9592
942 ## - ADDED ENTRY ELEMENTS (KOHA)
Source of classification or shelving scheme Dewey Decimal Classification
Koha item type Books
Koha issues (borrowed), all copies 10
Holdings
Withdrawn status Lost status Source of classification or shelving scheme Damaged status Not for loan Home library Current Library Shelving location Date acquired Total checkouts Full call number Barcode Date last seen Date last checked out Copy number Price effective from Koha item type
    Dewey Decimal Classification     GRACE BIBLE COLLEGE GRACE BIBLE COLLEGE General Studies 2018-03-13 6 616.9792 KNO 006971 2025-09-26 2025-09-24 c.3 2018-03-13 Books
    Dewey Decimal Classification     GRACE BIBLE COLLEGE GRACE BIBLE COLLEGE General Studies 2018-03-13 3 616.9792 KNO 006967 2025-05-01 2024-02-24 c.2 2018-03-13 Books
    Dewey Decimal Classification     GRACE BIBLE COLLEGE GRACE BIBLE COLLEGE General Studies 2018-03-13 2 616.9792 KNO 006966 2025-05-01 2024-03-04 c.1 2018-03-13 Books
© Grace Bible College Library 2025